Statystyki dla Herby polskich miast na prawach powiatu - w kolejności

Kliknij tutaj aby rozwiązać quiz!

Ogólne statystyki

  • Ten quiz został rozwiązany 15 razy
  • Średni wynik to 45 z 66

Statystyki odpowiedzi

Odpowiedź% Poprawnych
Gdańsk
100%
Świnoujście
100%
Szczecin
100%
Gdynia
93%
Słupsk
93%
Katowice
86%
Łódź
86%
Olsztyn
86%
Radom
86%
Sopot
86%
Warszawa
86%
Zielona Góra
86%
Białystok
79%
Gliwice
79%
Jelenia Góra
79%
Kielce
79%
Konin
79%
Kraków
79%
Poznań
79%
Sosnowiec
79%
Suwałki
79%
Toruń
79%
Wrocław
79%
Bytom
71%
Elbląg
71%
Gorzów Wielkopolski
71%
Koszalin
71%
Lublin
71%
Rzeszów
71%
Tarnów
71%
Zabrze
71%
Bydgoszcz
64%
Chełm
64%
Częstochowa
64%
Kalisz
64%
Legnica
64%
Nowy Sącz
64%
Opole
64%
Płock
64%
Przemyśl
64%
Tarnobrzeg
64%
Zamość
64%
Biała Podlaska
57%
Bielsko-Biała
57%
Chorzów
57%
Dąbrowa Górnicza
57%
Grudziądz
57%
Jaworzno
57%
Leszno
57%
Łomża
57%
Mysłowice
57%
Piotrków Trybunalski
57%
Rybnik
57%
Siedlce
57%
Tychy
57%
Wałbrzych
57%
Jastrzębie-Zdrój
50%
Krosno
50%
Ruda Śląska
50%
Skierniewice
50%
Włocławek
50%
Ostrołęka
43%
Piekary Śląskie
43%
Siemianowice Śląskie
43%
Świętochłowice
43%
Żory
36%

Rozkład punktacji

Percentyl według liczby udzielonych odpowiedzi

Procent ludzi z każdym wynikiem

Twoja historia wyników

Nie rozwiązałeś tego quizu